<?xml version="1.0" encoding="UTF-8"?><?xml-stylesheet type="text/xsl" href="static/style.xsl"?><OAI-PMH xmlns="http://www.openarchives.org/OAI/2.0/" xmlns:xsi="http://www.w3.org/2001/XMLSchema-instance" xsi:schemaLocation="http://www.openarchives.org/OAI/2.0/ http://www.openarchives.org/OAI/2.0/OAI-PMH.xsd"><responseDate>2026-06-01T02:06:09Z</responseDate><request verb="GetRecord" identifier="oai:riuma.uma.es:10630/13213" metadataPrefix="marc">https://riuma.uma.es/rest/oai/request</request><GetRecord><record><header><identifier>oai:riuma.uma.es:10630/13213</identifier><datestamp>2026-02-03T10:24:12Z</datestamp><setSpec>com_10630_1685</setSpec><setSpec>col_10630_38055</setSpec></header><metadata><record xmlns="http://www.loc.gov/MARC21/slim" xmlns:dcterms="http://purl.org/dc/terms/" xmlns:doc="http://www.lyncode.com/xoai" xmlns:xsi="http://www.w3.org/2001/XMLSchema-instance" xsi:schemaLocation="http://www.loc.gov/MARC21/slim http://www.loc.gov/standards/marcxml/schema/MARC21slim.xsd">
   <leader>00925njm 22002777a 4500</leader>
   <datafield ind2=" " ind1=" " tag="042">
      <subfield code="a">dc</subfield>
   </datafield>
   <datafield ind2=" " ind1=" " tag="720">
      <subfield code="a">Llorente Zaninetti, Alexandra</subfield>
      <subfield code="e">author</subfield>
   </datafield>
   <datafield ind2=" " ind1=" " tag="260">
      <subfield code="c">2017-03-08</subfield>
   </datafield>
   <datafield ind2=" " ind1=" " tag="520">
      <subfield code="a">Identidades divergentes se inició con la intención de generar nuevas interpretaciones distorsionadas de la realidad a partir de la manipulación fotográfica de imágenes cotidianas. Sin embargo, la obra profundiza y progresa más hacia el yo y la identificación del ser humano que se transforma en un ente cuasi irreconocible a causa de un deterioro gradual generado por una patología de mi sentido de la vista y que afecta negativamente tanto en el reconocimiento mental como el visual del ser. Así pues, gracias a la fotografía experimental, al retrato que desfigura a los individuos y al enriquecimiento plástico a través de transferencias fotográficas, produzco diferentes series fotográficas que engloban distintos aspectos personales provocados por mi propio problema de visión, los cuales se muestran desde una poética introspectiva y sugerente.</subfield>
   </datafield>
   <datafield ind1="8" ind2=" " tag="024">
      <subfield code="a">http://hdl.handle.net/10630/13213</subfield>
   </datafield>
   <datafield tag="653" ind2=" " ind1=" ">
      <subfield code="a">Grado en Bellas Artes - Trabajos Fin de Grado</subfield>
   </datafield>
   <datafield tag="653" ind2=" " ind1=" ">
      <subfield code="a">Bellas Artes - Trabajos Fin de Grado</subfield>
   </datafield>
   <datafield tag="653" ind2=" " ind1=" ">
      <subfield code="a">Fotografía</subfield>
   </datafield>
   <datafield ind2="0" ind1="0" tag="245">
      <subfield code="a">Identidades divergentes</subfield>
   </datafield>
</record>
</metadata></record></GetRecord></OAI-PMH>